00569cam a22002171 4500001001300000003000400013005001700017008004100034010001700075035002000092040001800112042001200130043001200142050001600154100004900170245004500219260001200264300001900276651003900295999001700334sa 67004738 DLC20260227112350.0890417s1966 pk 000 0 urdr  asa 67004738  a(OCoLC)19561636 aDLCcWaUdDLC apremarc aa-pk---00aDS384b.S841 aSuleri, Z. A.q(Ziauddin Ahmad),d1913-1999.10aLiyāqat ʻAlī se ṣadr Ayyūb tak. c[1966?] a212 p.c21 cm. 0aPakistanxPolitics and government. c74728d74728